000 01256nam a2200337 i 4500
003 EG-GICUC
005 20260314092532.0
008 260127s1981 ua j|||fr|||| 00| 0 ara d
040 _a EG-GICUC
_bara
_c EG-GICUC
_d EG-GICUC
_erda
041 0 _aAra
082 0 4 _221
_a343.62
_bح م . ش
092 0 4 _221
099 _aLaw1 10 343.62 ح م . ش1981
100 0 _aحمود بن ضاوى القثامى
_eمؤلف.
245 1 2 _aالشريعة الإسلامية وأثرها فى الظاهرة الإجرامية /
_cتأليف حمود بن ضاوى القثامى.
250 _aالطبعة الثانية
264 1 _aجدة :
_aالرياض :
_aالدمام :
_bالدار السعودية،
_c1981.
300 _a304 صفحة؛
_bجداول ؛
_c24 سم.
336 _2rda content
_atext
337 _2rda media
_aComputer
338 _2rda carrier
_aOnline Resource
504 _aببليوجرافيا: صفحات287-290.
546 _aالنص باللغة العربية
650 1 _aالعوامل الإجرامية
_2qrmak
650 1 _aالقانون الجنائى
_2qrmak
651 1 _2qrmak
830 _0م
856 4 0 _uhttps://fll.law.cu.edu.eg/fulltext/bks/B10-08085.pdf
905 _a54
942 _2ddc
_cBK
_e21
_n0
999 _c59737
_d59737